Normal view MARC view
  • Solid state physics

Entry Topical Term

Number of records used in: 16

001 - CONTROL NUMBER

  • control field: 34429

003 - CONTROL NUMBER IDENTIFIER

  • control field: NUST

005 - DATE AND TIME OF LATEST TRANSACTION

  • control field: 20201023102446.0

008 - FIXED-LENGTH DATA ELEMENTS

  • fixed length control field: 201023|| aca||aabn | a|a d

040 ## - CATALOGING SOURCE

  • Original cataloging agency: NUST
  • Transcribing agency: NUST

150 ## - HEADING--TOPICAL TERM

  • Topical term or geographic name entry element: Solid state physics

670 ## - SOURCE DATA FOUND

  • Source citation: Work cat.: (NUST)0: Quéré, Yves. 34428, Physics of materials /, c1998.
© 2023 Central Library, National University of Sciences and Technology. All Rights Reserved.